| Tag |
First Indicator |
Second Indicator |
Subfields |
| LEADER |
00000cam a2200000 i 4500 |
| 001 |
in00004592649 |
| 008 |
190719s199u enka c 000 0 eng |
| 005 |
20220908190524.9 |
| 035 |
|
|
|a (OCoLC)on1109459739
|
| 040 |
|
|
|a BUB
|b eng
|e rda
|c BUB
|d OCLCQ
|d OCLCO
|
| 035 |
|
|
|a (OCoLC)1109459739
|
| 050 |
|
4 |
|a Z999
|b .C637 1990z
|
| 110 |
2 |
|
|a Clive Farahar & Sophie Dupré (Firm)
|
| 245 |
1 |
0 |
|a Catalogue 19 :
|b Autograph letters, manuscripts, literary property /
|c Sophie Dupré.
|
| 246 |
3 |
|
|a Catalogue nineteen
|
| 264 |
|
1 |
|a Wiltshire, England :
|b Clive Farahar & Sophie Dupré,
|c [199?]
|
| 300 |
|
|
|a 65 pages :
|b illustrations ;
|c 24 cm
|
| 336 |
|
|
|a text
|b txt
|2 rdacontent
|
| 336 |
|
|
|a still image
|b sti
|2 rdacontent
|
| 337 |
|
|
|a unmediated
|b n
|2 rdamedia
|
| 338 |
|
|
|a volume
|b nc
|2 rdacarrier
|
| 500 |
|
|
|a The Cushing Library/Basbanes Collection copy is part of the Nicholas A. Basbanes Collection.
|
| 541 |
0 |
|
|a Donated by Nicholas A. Basbanes
|d 20151124.
|
| 610 |
2 |
0 |
|a Clive Farahar & Sophie Dupré (Firm)
|v Catalogs.
|
| 650 |
|
0 |
|a Rare books
|v Catalogs.
|
| 650 |
|
0 |
|a Booksellers' catalogs.
|
| 650 |
|
0 |
|a Autographs
|v Catalogs.
|
| 650 |
|
0 |
|a Manuscripts
|v Catalogs.
|
| 650 |
|
0 |
|a Photographs
|v Catalogs.
|
| 650 |
|
6 |
|a Livres rares
|v Catalogues.
|
| 650 |
|
6 |
|a Autographes
|v Catalogues.
|
| 650 |
|
6 |
|a Manuscrits
|v Catalogues.
|
| 650 |
|
6 |
|a Photographies
|v Catalogues.
|
| 650 |
|
7 |
|a Autographs.
|2 fast
|0 (OCoLC)fst00822653
|
| 650 |
|
7 |
|a Manuscripts.
|2 fast
|0 (OCoLC)fst01008230
|
| 650 |
|
7 |
|a Photographs.
|2 fast
|0 (OCoLC)fst01061684
|
| 650 |
|
7 |
|a Rare books.
|2 fast
|0 (OCoLC)fst01090104
|
| 655 |
|
7 |
|a Catalogs.
|2 fast
|0 (OCoLC)fst01423692
|
| 994 |
|
|
|a Z0
|b TXA
|
| 948 |
|
|
|h NO HOLDINGS IN TXA - 1 OTHER HOLDINGS
|
| 999 |
f |
f |
|s e462317b-e7c6-4730-9224-66432ccb3317
|i c06dc638-c6c6-406e-9d9a-cc29b9e35bbd
|t 0
|
| 952 |
f |
f |
|p noncirc
|a Texas A&M University
|b College Station
|c Cushing Memorial Library & Archives
|d Cushing: Nicholas Basbanes (Does not check out)
|t 0
|e Z999 .C637 1990z
|h Library of Congress classification
|i unmediated -- volume
|m A1485288365H
|
| 998 |
f |
f |
|a Z999 .C637 1990z
|t 0
|l Cushing: Nicholas Basbanes (Does not check out)
|